[Event "NWFD Ch 2019 Men"]
[Site "St. Petersburg"]
[Date "2019.03.12"]
[Round "6.1"]
[White "Toivonen, Alexander V"]
[Black "Nesterov, Arseniy"]
[Result "1/2-1/2"]
[WhiteElo "2304"]
[BlackElo "2412"]
[PlyCount "43"]
[EventDate "2019.03.07"]

1. Nf3 d5 2. g3 Bg4 3. b3 Bxf3 4. exf3 Nf6 5. f4 e6 6. Bg2 Be7 7. Bb2 O-O 8.
O-O c6 9. d3 a5 10. a4 Nfd7 11. Nd2 Bf6 12. Qc1 Bxb2 13. Qxb2 Qf6 14. Qxf6 Nxf6
15. Nf3 Na6 16. Rfe1 Nb4 17. Re2 g6 18. Kf1 Rfd8 19. Ne5 d4 20. Ke1 h5 21. h4
Nbd5 22. Kd2 1/2-1/2

[Event "NWFD Ch 2019 Men"]
[Site "St. Petersburg"]
[Date "2019.03.12"]
[Round "6.2"]
[White "Osoblivi, Grigory"]
[Black "Rozum, Ivan"]
[Result "1-0"]
[WhiteElo "2222"]
[BlackElo "2573"]
[PlyCount "75"]
[EventDate "2019.03.07"]

1. e4 d6 2. d4 Nf6 3. Nc3 e5 4. Nf3 Nbd7 5. h3 Be7 6. Be3 c6 7. a4 O-O 8. g4
exd4 9. Nxd4 Nc5 10. Bg2 Re8 11. g5 Nfd7 12. Qd2 d5 13. O-O-O Nb6 14. exd5 Nc4
15. Qe2 Nxe3 16. fxe3 Bxg5 17. Kb1 Bxe3 18. dxc6 Qg5 19. Ndb5 Rb8 20. c7 Ra8
21. Nd6 Rf8 22. Nd5 Ne6 23. Nxe3 Nxc7 24. Nd5 Ne6 25. h4 Qd8 26. Nf5 Kh8 27. h5
Qg5 28. Nd6 Qg3 29. Nxc8 Raxc8 30. h6 g6 31. Bh3 Rce8 32. Bxe6 Rxe6 33. Qc4 f6
34. Nf4 Re7 35. Qb4 Ref7 36. Rd7 Kg8 37. Rxf7 Rxf7 38. Rd1 1-0

[Event "NWFD Ch 2019 Men"]
[Site "St. Petersburg"]
[Date "2019.03.12"]
[Round "6.3"]
[White "Samojlov, Anton"]
[Black "Rudenko, Naum"]
[Result "1/2-1/2"]
[WhiteElo "2332"]
[BlackElo "2231"]
[PlyCount "69"]
[EventDate "2019.03.07"]

1. Nf3 e6 2. c4 d5 3. d4 Nf6 4. g3 c5 5. Bg2 Nc6 6. cxd5 exd5 7. O-O Be7 8. Be3
Ng4 9. Bf4 O-O 10. Nc3 Be6 11. h3 Nf6 12. dxc5 Bxc5 13. Ne5 Rc8 14. Rc1 Bd6 15.
Nd3 d4 16. Bxd6 Qxd6 17. Nb5 Qe7 18. Qa4 a6 19. Nxd4 Nxd4 20. Qxd4 Bxa2 21. Nb4
Bb3 22. e4 Qd7 23. Qb6 Rxc1 24. Rxc1 Qd2 25. Rc7 a5 26. Nd5 Bxd5 27. exd5 Nxd5
28. Bxd5 Qxd5 29. Qxb7 Qxb7 30. Rxb7 g6 31. g4 h6 32. Kg2 Ra8 33. Rb3 a4 34.
Ra3 Rb8 35. Rxa4 1/2-1/2

[Event "NWFD Ch 2019 Men"]
[Site "St. Petersburg"]
[Date "2019.03.12"]
[Round "6.4"]
[White "Cherniaev, Alexander"]
[Black "Suleymanyants, Odisey"]
[Result "1-0"]
[WhiteElo "2405"]
[BlackElo "2259"]
[PlyCount "81"]
[EventDate "2019.03.07"]

1. e4 d6 2. Nc3 Nf6 3. f4 e5 4. Nf3 Nc6 5. Bb5 Bd7 6. d3 Nd4 7. Nxd4 exd4 8.
Bxd7+ Qxd7 9. Ne2 c5 10. O-O Be7 11. Kh1 h5 12. Ng1 d5 13. e5 Ng4 14. Nf3 g6
15. Bd2 Kf8 16. Qe2 Re8 17. c3 dxc3 18. bxc3 h4 19. f5 gxf5 20. h3 Nh6 21.
Bxh6+ Rxh6 22. d4 c4 23. Rf2 f4 24. Raf1 Qf5 25. Ng1 Bg5 26. Qb2 b6 27. Ne2 Qe4
28. Nxf4 Re7 29. Qb5 a6 30. Qxa6 Kg7 31. Qb5 Ra7 32. Nxd5 Rg6 33. Qxc4 Kh6 34.
Re2 Ra4 35. Qc8 Rg8 36. Qxg8 Qxe2 37. Qf8+ Kh5 38. Qxf7+ Kh6 39. Qf8+ Kh5 40.
Nf6+ Bxf6 41. Qxf6 1-0

[Event "NWFD Ch 2019 Men"]
[Site "St. Petersburg"]
[Date "2019.03.12"]
[Round "6.5"]
[White "Cherepanov, Vladislav"]
[Black "Gogolev, Artem"]
[Result "1/2-1/2"]
[WhiteElo "2302"]
[BlackElo "2388"]
[PlyCount "28"]
[EventDate "2019.03.07"]

1. d4 Nf6 2. c4 e6 3. Nc3 Bb4 4. Qc2 O-O 5. a3 Bxc3+ 6. Qxc3 b6 7. Bg5 Bb7 8.
e3 d6 9. Ne2 Nbd7 10. Qc2 Rc8 11. Nc3 Qe7 12. Rd1 c5 13. f3 cxd4 14. Rxd4 h6
1/2-1/2

[Event "NWFD Ch 2019 Men"]
[Site "St. Petersburg"]
[Date "2019.03.12"]
[Round "6.6"]
[White "Semenenko, Sergey"]
[Black "Nekipelov, Dimitry"]
[Result "1/2-1/2"]
[WhiteElo "2143"]
[BlackElo "2197"]
[PlyCount "152"]
[EventDate "2019.03.07"]

1. d4 Nf6 2. c4 e6 3. Nc3 Bb4 4. e3 O-O 5. Nge2 c6 6. a3 Ba5 7. b4 Bc7 8. d5 d6
9. g3 a5 10. Rb1 axb4 11. axb4 cxd5 12. cxd5 e5 13. Bg2 Bd7 14. O-O Na6 15. Qb3
b5 16. Bd2 Bb6 17. Ra1 Qe7 18. Rfc1 Nc7 19. h3 h6 20. Rxa8 Rxa8 21. e4 Qd8 22.
Nd1 Qc8 23. Be3 Bxe3 24. Nxe3 Nfe8 25. g4 Qa6 26. Nc3 Qa3 27. Rb1 Qxb3 28. Rxb3
Ra1+ 29. Bf1 g6 30. Nc2 Rc1 31. Na3 f5 32. f3 fxe4 33. fxe4 h5 34. Kg2 hxg4 35.
hxg4 g5 36. Bd3 Nf6 37. Naxb5 Bxb5 38. Nxb5 Nxb5 39. Bxb5 Nxe4 40. Bd3 Rc3 41.
Rxc3 Nxc3 42. b5 Na4 43. Bf5 Kf8 44. Bc2 Nb6 45. Kf3 Ke7 46. Ke4 Kf6 47. Bd3
Nd7 48. Ke3 Ke7 49. Bf5 Nb6 50. Be6 Na4 51. Bg8 Kd8 52. Ke4 Nc5+ 53. Ke3 Kc7
54. Bf7 Kb6 55. Be8 Na4 56. Kd3 Kc5 57. Bc6 Nb6 58. Ke4 Kc4 59. Bb7 Kxb5 60.
Kf5 Kc5 61. Kxg5 Nxd5 62. Bxd5 Kxd5 63. Kf6 e4 64. g5 e3 65. g6 e2 66. g7 e1=Q
67. g8=Q+ Kd4 68. Qg4+ Qe4 69. Qd1+ Kc5 70. Qc1+ Kd5 71. Qc7 Qe5+ 72. Kg6 Qe8+
73. Kg5 Qe5+ 74. Kg4 Ke6 75. Kf3 Qe1 76. Qc4+ d5 1/2-1/2

[Event "NWFD Ch 2019 Men"]
[Site "St. Petersburg"]
[Date "2019.03.12"]
[Round "6.7"]
[White "Solozhenkin, Evgeniy"]
[Black "Zaykov, Sergey"]
[Result "1-0"]
[WhiteElo "2460"]
[BlackElo "2138"]
[PlyCount "79"]
[EventDate "2019.03.07"]

1. d4 d5 2. Nf3 e6 3. c4 c6 4. g3 f5 5. Bg2 Nf6 6. O-O Bd6 7. b3 Qe7 8. Bb2 O-O
9. Ne5 Bd7 10. Nd2 Be8 11. Ndf3 Nbd7 12. Rc1 Bh5 13. Nd3 Rad8 14. Rc2 Kh8 15.
Qc1 Rg8 16. cxd5 Bxf3 17. exf3 Nxd5 18. a3 Rgf8 19. Re1 Qf7 20. f4 Rfe8 21.
Rce2 Rc8 22. Bf3 N7f6 23. Nc5 Bxc5 24. dxc5 Nd7 25. Qc4 Kg8 26. Bd4 a6 27. b4
Nc7 28. a4 Nf6 29. Be5 Nfd5 30. Qb3 Rcd8 31. Bd6 Ra8 32. Re5 Qd7 33. Bxc7 Qxc7
34. Bxd5 cxd5 35. Rxe6 Rxe6 36. Qxd5 Rd8 37. Qxe6+ Qf7 38. Qb6 Rd2 39. c6 bxc6
40. Qb8+ 1-0

[Event "NWFD Ch 2019 Men"]
[Site "St. Petersburg"]
[Date "2019.03.12"]
[Round "6.8"]
[White "Petrushev, Nikita"]
[Black "Shpak, Alexandr"]
[Result "1-0"]
[WhiteElo "2238"]
[BlackElo "2141"]
[PlyCount "47"]
[EventDate "2019.03.07"]

1. e4 c5 2. Nf3 d6 3. d4 cxd4 4. Nxd4 Nf6 5. Nc3 a6 6. Be3 e5 7. Nb3 Be6 8. Qd2
Be7 9. O-O-O O-O 10. f4 Ng4 11. g3 Nxe3 12. Qxe3 Nd7 13. Kb1 Qc7 14. f5 Bc4 15.
Bxc4 Qxc4 16. Nd5 Bd8 17. g4 a5 18. Rd3 a4 19. Nd2 Qb5 20. g5 Nc5 21. Ra3 Kh8
22. Rg1 Ba5 23. Qh3 Bxd2 24. Qxh7+ 1-0

[Event "NWFD Ch 2019 Men"]
[Site "St. Petersburg"]
[Date "2019.03.12"]
[Round "6.9"]
[White "Mironov, Vadim"]
[Black "Skuratovich, Yakov"]
[Result "1-0"]
[WhiteElo "2181"]
[BlackElo "2101"]
[PlyCount "93"]
[EventDate "2019.03.07"]

1. e4 e6 2. d4 b6 3. Bd3 Bb7 4. Nf3 d6 5. O-O Nd7 6. Re1 c5 7. c3 Qc7 8. Qe2
Ngf6 9. Nbd2 Be7 10. a4 e5 11. Nc4 O-O 12. Bg5 Rfe8 13. d5 Qd8 14. Bd2 Bf8 15.
b4 cxb4 16. cxb4 Rc8 17. a5 Bxd5 18. exd5 e4 19. axb6 Nxb6 20. Nxb6 Qxb6 21.
Reb1 exf3 22. Qxf3 Qd4 23. Ra3 Nxd5 24. Bxh7+ Kxh7 25. Qxf7 Nc3 26. Rxc3 Rxc3
27. Bxc3 Qe4 28. Rd1 Rc8 29. h3 Rxc3 30. Rd5 Qxd5 31. Qxd5 Rc7 32. g4 g6 33.
Kg2 Kg7 34. h4 Rf7 35. h5 gxh5 36. Qg5+ Kh7 37. Qxh5+ Kg7 38. f4 Be7 39. Kf3
Bf6 40. g5 Bb2 41. Qh6+ Kg8 42. Qxd6 Kg7 43. Ke4 Rb7 44. f5 Rf7 45. f6+ Bxf6
46. gxf6+ Rxf6 47. Qd4 1-0

[Event "NWFD Ch 2019 Men"]
[Site "St. Petersburg"]
[Date "2019.03.12"]
[Round "6.10"]
[White "Ufimtsev, Egor"]
[Black "Radkov, Bazhen D"]
[Result "0-1"]
[WhiteElo "2148"]
[BlackElo "2150"]
[PlyCount "82"]
[EventDate "2019.03.07"]

1. Nf3 Nf6 2. c4 g6 3. Nc3 Bg7 4. d4 O-O 5. Bf4 d5 6. e3 c5 7. dxc5 Qa5 8. Qa4
Qxa4 9. Nxa4 Ne4 10. cxd5 Bd7 11. Bd3 Bxa4 12. Bxe4 Nd7 13. Rc1 Bxb2 14. Rb1
Bc3+ 15. Ke2 Nxc5 16. Bd3 Rac8 17. Rhc1 Bg7 18. Be5 Rfd8 19. Bxg7 Kxg7 20. Rb4
Be8 21. e4 Nxd3 22. Rxc8 Nf4+ 23. Ke3 Nxg2+ 24. Kd4 Rxc8 25. Rxb7 Kf8 26. Rxa7
Bb5 27. Rb7 Be2 28. Ne5 Nf4 29. Nc6 Re8 30. a4 f5 31. Ke3 g5 32. e5 Bc4 33. d6
exd6 34. Rxh7 Bg8 35. Rh6 Nd5+ 36. Kd4 dxe5+ 37. Nxe5 Ra8 38. Rg6 Rxa4+ 39. Kc5
Ra5+ 40. Kd4 Ne7 41. Nd3 Nxg6 0-1

[Event "NWFD Ch 2019 Men"]
[Site "St. Petersburg"]
[Date "2019.03.12"]
[Round "6.11"]
[White "Makarov, Leonid"]
[Black "Zasypkin, Alexey"]
[Result "1-0"]
[WhiteElo "2097"]
[BlackElo "2184"]
[PlyCount "33"]
[EventDate "2019.03.07"]

1. d4 Nf6 2. Bf4 g6 3. Nc3 Bg7 4. e4 O-O 5. Qd2 c5 6. dxc5 Na6 7. e5 Nh5 8. Bh6
Nxc5 9. g4 Bxh6 10. Qxh6 Ng7 11. Nf3 Nce6 12. h4 Qb6 13. Ng5 Nxg5 14. hxg5 f6
15. Bc4+ d5 16. Nxd5 Qe6 17. Nxe7+ 1-0

[Event "NWFD Ch 2019 Men"]
[Site "St. Petersburg"]
[Date "2019.03.12"]
[Round "6.12"]
[White "Yarosh, Ruslan"]
[Black "Krasovskiy, Sviatoslav"]
[Result "1/2-1/2"]
[WhiteElo "1977"]
[BlackElo "2145"]
[PlyCount "65"]
[EventDate "2019.03.07"]

1. e4 Nf6 2. Nc3 d5 3. e5 Ne4 4. Nce2 f6 5. d3 Ng5 6. Bxg5 fxg5 7. h4 g4 8. Nf4
d4 9. e6 h5 10. Qe2 Qd6 11. Qe4 Qb4+ 12. Kd1 Qxb2 13. Rc1 Rh6 14. Nge2 Qxa2 15.
Nxd4 c5 16. Qf5 Rf6 17. Qxc5 Na6 18. Qxh5+ Kd8 19. g3 g6 20. Qh8 Qb2 21. Nde2
Nc5 22. Nd5 Bxe6 23. Nxf6 Qxf6 24. Qxf6 exf6 25. Nf4 Bf7 26. Bg2 Kc7 27. Bd5
Be8 28. d4 Na4 29. c4 Bb4 30. h5 gxh5 31. Nxh5 Nc3+ 32. Kc2 Ne2 33. Ra1 1/2-1/2

[Event "NWFD Ch 2019 Men"]
[Site "St. Petersburg"]
[Date "2019.03.12"]
[Round "6.13"]
[White "Napalkov, Vladimir"]
[Black "Gashev, Matvei"]
[Result "0-1"]
[WhiteElo "2034"]
[BlackElo "1806"]
[PlyCount "140"]
[EventDate "2019.03.07"]

1. d4 Nf6 2. c4 c5 3. d5 b5 4. cxb5 a6 5. e3 axb5 6. Bxb5 Qa5+ 7. Nc3 Bb7 8.
Bd2 Qb6 9. a4 Nxd5 10. Nxd5 Bxd5 11. Nf3 e6 12. Bc3 Qb7 13. O-O Be7 14. Qe2 O-O
15. Rfd1 d6 16. Ne1 Na6 17. f3 Bb3 18. Rdb1 Nc7 19. Ra3 Nxb5 20. Rxb3 Nxc3 21.
bxc3 Qa6 22. Qxa6 Rxa6 23. Ra1 Rfa8 24. Rba3 c4 25. Nc2 d5 26. R3a2 Bc5 27. Kf2
f6 28. Nd4 Kf7 29. Nb5 Rb6 30. Ke2 h5 31. f4 Kg6 32. Kf3 Kf5 33. Nd4+ Bxd4 34.
exd4 Rb3 35. Ra3 Rab8 36. a5 Rxa3 37. Rxa3 Rb3 38. Ra1 Rxc3+ 39. Ke2 Rb3 40. a6
Rb8 41. Ke3 Kg4 42. a7 Ra8 43. Ra2 h4 44. Ra6 c3 45. Kd3 Kxf4 46. Kxc3 e5 47.
Kd3 e4+ 48. Ke2 e3 49. Ra3 f5 50. g3+ hxg3 51. hxg3+ Kxg3 52. Rxe3+ Kf4 53. Ra3
Ke4 54. Ra4 f4 55. Kf2 g5 56. Ke2 g4 57. Kf2 Kd3 58. Kg2 Kc3 59. Kf2 Kb3 60.
Ra6 Kc4 61. Rg6 Rxa7 62. Rxg4 Rf7 63. Kf3 Kxd4 64. Rg8 Kd3 65. Rd8 d4 66. Rd6
Kc3 67. Rd8 d3 68. Rc8+ Kd2 69. Rd8 Re7 70. Kf2 Rc7 0-1

[Event "NWFD Ch 2019 Men"]
[Site "St. Petersburg"]
[Date "2019.03.12"]
[Round "6.14"]
[White "Lvov, Nikita"]
[Black "Zhuravlev, Aleksandr"]
[Result "1/2-1/2"]
[WhiteElo "1936"]
[BlackElo "2021"]
[PlyCount "136"]
[EventDate "2019.03.07"]

1. d4 Nf6 2. c4 e6 3. Nf3 d5 4. g3 c5 5. Bg2 Nc6 6. O-O dxc4 7. dxc5 Qxd1 8.
Rxd1 Bxc5 9. Nbd2 O-O 10. Nxc4 Ng4 11. e3 f6 12. h3 Nh6 13. Nd4 Rd8 14. Bf3 e5
15. Nxc6 Rxd1+ 16. Bxd1 bxc6 17. Bd2 Bxh3 18. Rc1 Bf8 19. e4 Be6 20. Bxh6 gxh6
21. Bb3 c5 22. Na5 Bxb3 23. Nxb3 Rc8 24. Rc4 Kf7 25. Ra4 Rc7 26. Nd2 Kg6 27.
Kg2 h5 28. Nf3 c4 29. Ra6 Kf7 30. Nd2 Bb4 31. Nb1 Bc5 32. Nc3 Rb7 33. Ra5 Bd4
34. Rb5 Rxb5 35. Nxb5 Bxb2 36. Nd6+ Kg6 37. Nxc4 Bd4 38. Nd6 h4 39. gxh4 Kh5
40. Kg3 Bb6 41. Ne8 Kg6 42. h5+ Kg5 43. f3 Bd8 44. Ng7 Be7 45. Kh3 Bb4 46. Kg3
Ba3 47. Kh3 Bc1 48. Ne8 Be3 49. Kg3 Bb6 50. Ng7 a6 51. a4 Ba7 52. Ne8 Bb8 53.
Ng7 Kh6 54. Ne8 Kg5 55. Ng7 Ba7 56. Ne8 a5 57. Ng7 Be3 58. Ne8 Bd2 59. Ng7 Bb4
60. Kh3 Be1 61. Ne8 Bc3 62. Ng7 Bb4 63. Kg3 Be7 64. Kh3 Kf4 65. Kg2 Kg5 66. Kh3
Bb4 67. Kg3 Bc3 68. Ne8 Bb4 1/2-1/2

[Event "NWFD Ch 2019 Men"]
[Site "St. Petersburg"]
[Date "2019.03.12"]
[Round "6.15"]
[White "Ivanov, Rodion"]
[Black "Andronov, Mikhail G"]
[Result "1-0"]
[WhiteElo "1941"]
[BlackElo "2187"]
[PlyCount "107"]
[EventDate "2019.03.07"]

1. c4 e5 2. g3 Bc5 3. Bg2 d6 4. e3 Nc6 5. Ne2 Nge7 6. d4 exd4 7. exd4 Bb4+ 8.
Nbc3 d5 9. c5 O-O 10. a3 Bxc3+ 11. Nxc3 Be6 12. Bf4 Ng6 13. Be3 Nce7 14. O-O
Qd7 15. Re1 c6 16. b4 Bh3 17. Bf3 f5 18. Ne2 Kh8 19. Nf4 Nxf4 20. Bxf4 Ng6 21.
Bd6 Rfe8 22. Qd2 Kg8 23. Bh5 Re4 24. f3 Rxe1+ 25. Rxe1 Re8 26. Bxg6 hxg6 27.
Rxe8+ Qxe8 28. Kf2 Qe6 29. Qg5 Qf6 30. Qe3 Kf7 31. Be5 Qe7 32. a4 a6 33. Qf4 g5
34. Qd2 g4 35. f4 Qd7 36. Qe2 g6 37. Qe1 Qe8 38. Qd2 Qd7 39. Qa2 Ke6 40. Bd6
Qe8 41. Qb3 Kf7 42. Be5 Ke6 43. Qc3 Kf7 44. b5 cxb5 45. Qa5 bxa4 46. Qc7+ Qe7
47. Qc8 a3 48. Bd6 Qe8 49. Qxb7+ Kg8 50. Be5 Qf7 51. Qc8+ Qf8 52. Qxa6 Qe8 53.
Qf6 Qd7 54. Qxg6+ 1-0

[Event "NWFD Ch 2019 Men"]
[Site "St. Petersburg"]
[Date "2019.03.12"]
[Round "6.16"]
[White "Karalkin, Maksim"]
[Black "Kuznetsov, Mikhail"]
[Result "0-1"]
[WhiteElo "2174"]
[BlackElo "1895"]
[PlyCount "54"]
[EventDate "2019.03.07"]

1. e4 c5 2. Nf3 d6 3. Bb5+ Nd7 4. d4 cxd4 5. Qxd4 a6 6. Bxd7+ Bxd7 7. c4 e5 8.
Qd3 h6 9. Nc3 Nf6 10. O-O b5 11. Be3 bxc4 12. Qxc4 Be7 13. Rfd1 O-O 14. Ne1 Qb8
15. Rab1 Rc8 16. Qd3 Qb7 17. f3 Rab8 18. Bf2 Be6 19. Nc2 d5 20. exd5 Nxd5 21.
Nxd5 Bxd5 22. Qxd5 Qxd5 23. Rxd5 Rxc2 24. Rxe5 Bf6 25. Ra5 Rbxb2 26. Rxb2 Rc1+
27. Be1 Bxb2 0-1

[Event "NWFD Ch 2019 Men"]
[Site "St. Petersburg"]
[Date "2019.03.12"]
[Round "6.17"]
[White "Bratus, Petr P"]
[Black "Osetrov, Dmitrij"]
[Result "1/2-1/2"]
[WhiteElo "2097"]
[BlackElo "1775"]
[PlyCount "59"]
[EventDate "2019.03.07"]

1. d4 Nf6 2. c4 g6 3. Nc3 Bg7 4. Nf3 O-O 5. g3 d6 6. Bg2 c5 7. O-O Nc6 8. h3 a6
9. Be3 cxd4 10. Nxd4 Bd7 11. Nd5 Rb8 12. Qd2 Ne8 13. Rac1 e6 14. Nc3 f5 15. f4
Qe7 16. Rfd1 Nxd4 17. Bxd4 Bc6 18. Bxg7 Kxg7 19. e4 Rd8 20. Qd4+ Nf6 21. Re1
fxe4 22. Nxe4 e5 23. Nc3 exd4 24. Rxe7+ Rf7 25. Rxf7+ Kxf7 26. Nd5 Rc8 27. Nxf6
Kxf6 28. Bf1 Bd5 29. b3 b5 30. Kf2 1/2-1/2

[Event "NWFD Ch 2019 Men"]
[Site "St. Petersburg"]
[Date "2019.03.12"]
[Round "6.18"]
[White "Balakin, Vadim"]
[Black "Ananjev, Ilija"]
[Result "1/2-1/2"]
[WhiteElo "2072"]
[BlackElo "1755"]
[PlyCount "61"]
[EventDate "2019.03.07"]

1. e4 c5 2. Nf3 d6 3. d4 cxd4 4. Qxd4 Nc6 5. Bb5 Bd7 6. Bxc6 Bxc6 7. c4 Nf6 8.
Nc3 g6 9. O-O Bg7 10. Qd3 O-O 11. Bg5 h6 12. Bd2 Rc8 13. Rad1 Qc7 14. b3 a6 15.
Rfe1 Rfe8 16. h3 Bd7 17. Nd4 Qc5 18. Be3 Qh5 19. Nd5 Nxd5 20. exd5 Bxd4 21.
Bxd4 Qf5 22. Qe3 g5 23. Bb6 Qg6 24. Qd4 Qg7 25. Qd3 Qh7 26. Qxh7+ Kxh7 27. Re3
Kg8 28. Rde1 e6 29. dxe6 Rxe6 30. Rd1 Rc6 31. Bd4 1/2-1/2

[Event "NWFD Ch 2019 Men"]
[Site "St. Petersburg"]
[Date "2019.03.12"]
[Round "6.19"]
[White "Chuklin, Alexey"]
[Black "Starkov, Valery"]
[Result "0-1"]
[WhiteElo "1875"]
[BlackElo "2048"]
[PlyCount "48"]
[EventDate "2019.03.07"]

1. d4 d5 2. Nf3 Nf6 3. e3 c5 4. dxc5 e6 5. b3 Bxc5 6. Bb2 Nc6 7. Bd3 O-O 8. O-O
Re8 9. Ne5 Qd6 10. Nxc6 bxc6 11. Bxf6 gxf6 12. Qh5 Kf8 13. Qxh7 Bd7 14. Nd2 Ke7
15. Qh4 Qc7 16. Qg3 Qb6 17. Rfe1 Rg8 18. Qf3 e5 19. Qd1 e4 20. Bf1 f5 21. Kh1
Rh8 22. c4 f4 23. cxd5 cxd5 24. Qe2 Rxh2+ 0-1

[Event "NWFD Ch 2019 Men"]
[Site "St. Petersburg"]
[Date "2019.03.12"]
[Round "6.20"]
[White "Arkhipov, Vladislav"]
[Black "Maslyakov, Ivan"]
[Result "1-0"]
[WhiteElo "2019"]
[BlackElo "1741"]
[PlyCount "59"]
[EventDate "2019.03.07"]

1. e4 e6 2. b3 d5 3. Bb2 Nf6 4. exd5 exd5 5. Qe2+ Be6 6. Nf3 Bd6 7. Ng5 Qe7 8.
Nxe6 fxe6 9. g3 O-O 10. Bg2 Nbd7 11. O-O e5 12. c4 c6 13. cxd5 cxd5 14. Nc3 Qf7
15. Nb5 Bb8 16. Rac1 a6 17. Nc7 Ra7 18. Bh3 Kh8 19. Ba3 Bxc7 20. Rxc7 Re8 21.
Qf3 e4 22. Qf4 Rd8 23. Rxd7 Rxd7 24. Bxd7 Ra8 25. Bh3 Qh5 26. Bg2 Ng4 27. h3
Ne5 28. g4 Qe8 29. Qe3 Nd3 30. f3 1-0

[Event "NWFD Ch 2019 Men"]
[Site "St. Petersburg"]
[Date "2019.03.12"]
[Round "6.21"]
[White "Iurtsius, Sergei"]
[Black "Ponikarovsky, Alexey"]
[Result "1/2-1/2"]
[WhiteElo "1841"]
[BlackElo "1991"]
[PlyCount "112"]
[EventDate "2019.03.07"]

1. e4 c5 2. Nf3 Nc6 3. d4 cxd4 4. Nxd4 g6 5. c4 Bg7 6. Nxc6 dxc6 7. Qxd8+ Kxd8
8. Be2 Kc7 9. O-O Nh6 10. Nc3 f6 11. f4 Be6 12. h3 f5 13. e5 Rhd8 14. Be3 Rd7
15. a4 Nf7 16. a5 g5 17. g3 gxf4 18. gxf4 Bh6 19. Kf2 Rdd8 20. Na4 Nh8 21. Nc5
Bc8 22. b4 Ng6 23. Kf3 Nh4+ 24. Kg3 Ng6 25. Ra3 Rg8 26. Kh2 Rb8 27. b5 Nh4 28.
Rf2 Ng6 29. Bh5 cxb5 30. cxb5 b6 31. axb6+ axb6 32. Ra7+ Kd8 33. Rd2+ Ke8 34.
Nd7 Bxd7 35. Rdxd7 Rg7 36. Bxg6+ hxg6 37. e6 Rc8 38. Rdc7 Rd8 39. h4 Rh7 40.
Kg3 Kf8 41. Rd7 Rc8 42. Bd4 Rb8 43. Be5 Re8 44. Rab7 Kg8 45. Rxb6 Bg7 46. Bxg7
Kxg7 47. Rc6 Kf6 48. b6 Reh8 49. b7 Rxh4 50. Kf3 Rh3+ 51. Ke2 Rb3 52. Kd2 Rh2+
53. Kc1 Rhb2 54. Rcc7 Rb1+ 55. Kc2 R1b2+ 56. Kc1 Rb1+ 1/2-1/2

[Event "NWFD Ch 2019 Men"]
[Site "St. Petersburg"]
[Date "2019.03.12"]
[Round "6.22"]
[White "Rumiantsev, Rafail"]
[Black "Pozdeev, Dmitry"]
[Result "1-0"]
[WhiteElo "1982"]
[BlackElo "1370"]
[PlyCount "101"]
[EventDate "2019.03.07"]

1. e4 c6 2. Nc3 d5 3. f4 dxe4 4. Nxe4 Nf6 5. Nf2 g6 6. d4 Bg7 7. c3 O-O 8. Bd3
c5 9. Ne2 Nc6 10. Bb5 cxd4 11. Bxc6 bxc6 12. Nxd4 c5 13. Nb3 Bb7 14. Qxd8 Rfxd8
15. O-O Rac8 16. Be3 Nd5 17. Nd1 Nxe3 18. Nxe3 c4 19. Na5 Ba6 20. Rad1 Rd3 21.
Rxd3 cxd3 22. Rd1 Bh6 23. g3 f5 24. Kf2 e5 25. c4 e4 26. b4 Bf8 27. b5 Bb4 28.
Nc6 Bc5 29. Na5 Bb6 30. Nb3 Bb7 31. Rc1 Bc5 32. Nxc5 Rxc5 33. Nf1 a6 34. a4 Kf7
35. Ke3 Ke6 36. Nd2 Kd7 37. Nb3 Rc8 38. Na5 axb5 39. axb5 Bd5 40. Kd4 Ba8 41.
c5 Rb8 42. Rb1 d2 43. b6 Bc6 44. Nc4 Ba4 45. Nxd2 Kc6 46. Nc4 Rd8+ 47. Nd6 Ra8
48. Ra1 e3 49. b7 Rb8 50. Rxa4 e2 51. Ra1 1-0

[Event "NWFD Ch 2019 Men"]
[Site "St. Petersburg"]
[Date "2019.03.12"]
[Round "6.23"]
[White "Shoshin, Kirill"]
[Black "Mikhailov, Stepan"]
[Result "1-0"]
[WhiteElo "1811"]
[BlackElo "1958"]
[PlyCount "135"]
[EventDate "2019.03.07"]

1. d4 d5 2. c4 e6 3. Nc3 Nf6 4. cxd5 exd5 5. Bg5 Nbd7 6. e3 Be7 7. Bd3 h6 8.
Bh4 O-O 9. Nge2 c5 10. O-O cxd4 11. Nxd4 Ne5 12. Bc2 Bg4 13. f3 Bh5 14. Nf5
Ned7 15. Nxe7+ Qxe7 16. Nxd5 Qe5 17. Nxf6+ Nxf6 18. Qd4 Qxd4 19. exd4 Nd5 20.
Be4 Nf4 21. Rfe1 Bg6 22. Bg3 Bxe4 23. fxe4 Ne6 24. d5 Nd4 25. Rad1 Nc2 26. Re2
Rfc8 27. a3 Rc4 28. d6 Rd8 29. Bf2 b6 30. e5 Rd7 31. Kf1 Rc6 32. Red2 b5 33.
Ke2 b4 34. Kd3 b3 35. Ke4 Rc8 36. Rd3 Rb8 37. Rc3 Kf8 38. Rc7 Ke8 39. Bxa7 Ra8
40. Bf2 Ra4+ 41. Kd3 f6 42. Rxd7 Kxd7 43. exf6 gxf6 44. Kc3 Re4 45. Kxb3 Re2
46. Bg3 Rxg2 47. Rf1 Ke6 48. d7 Kxd7 49. Rxf6 Nd4+ 50. Ka2 Ne2 51. Rxh6 Nxg3
52. Rg6 Rxh2 53. Rxg3 Kc6 54. Rb3 Rh4 55. Rb4 Rh3 56. a4 Kc5 57. Rg4 Rh2 58.
Ka3 Rh3+ 59. b3 Kb6 60. Kb4 Rh6 61. a5+ Ka6 62. Ka4 Rh5 63. Rg6+ Ka7 64. Rc6
Kb7 65. Rb6+ Ka7 66. b4 Rh1 67. Rc6 Kb7 68. Kb5 1-0

[Event "NWFD Ch 2019 Men"]
[Site "St. Petersburg"]
[Date "2019.03.12"]
[Round "6.24"]
[White "Petrov, Alexandr"]
[Black "Schetchikov, Vladimir"]
[Result "1/2-1/2"]
[WhiteElo "1793"]
[BlackElo "1814"]
[PlyCount "24"]
[EventDate "2019.03.07"]

1. d4 Nf6 2. Nf3 e6 3. Bg5 Be7 4. e3 h6 5. Bh4 b6 6. Bd3 Bb7 7. Nbd2 d6 8. O-O
Nbd7 9. Re1 O-O 10. e4 c5 11. c3 cxd4 12. cxd4 e5 1/2-1/2

[Event "NWFD Ch 2019 Men"]
[Site "St. Petersburg"]
[Date "2019.03.12"]
[Round "6.25"]
[White "Nikitin, Vladimir"]
[Black "Poklonskiy, Nikolay"]
[Result "1/2-1/2"]
[WhiteElo "1817"]
[BlackElo "1757"]
[PlyCount "180"]
[EventDate "2019.03.07"]

1. Nf3 Nc6 2. g3 e5 3. d3 h6 4. Bg2 Nf6 5. O-O Bc5 6. c3 d6 7. d4 exd4 8. cxd4
Bb6 9. Nc3 a6 10. b3 O-O 11. Bb2 Rb8 12. Rc1 Bd7 13. e3 Qc8 14. Na4 Ba7 15. d5
Ne7 16. Bxf6 gxf6 17. Nc3 Bh3 18. Ne4 Bxg2 19. Kxg2 Qf5 20. Qd3 Bb6 21. Rfd1
Ng6 22. Nc3 Qd7 23. Na4 Ne5 24. Qe4 Ba7 25. Qf4 Kg7 26. Nh4 Rh8 27. Nf5+ Kf8
28. Nc3 Ng6 29. Qf3 Rg8 30. Kh1 Re8 31. Qh5 Re5 32. Qxh6+ Ke8 33. Ng7+ Kd8 34.
f4 Qg4 35. Rf1 Rh8 36. Qxh8+ Nxh8 37. fxe5 Qxg7 38. exf6 Qg5 39. e4 Bd4 40. Ne2
Bxf6 41. Rf5 Qe3 42. Rxf6 Qxe2 43. Rcf1 Qxe4+ 44. Kg1 Qxd5 45. h4 Ng6 46. Rxf7
Ne5 47. R7f4 Qc5+ 48. Kg2 Qc2+ 49. R1f2 Qc6+ 50. Kh2 b6 51. Rf8+ Kd7 52. R8f4
Kc8 53. Kh3 Kb7 54. h5 Nd3 55. g4 Qh1+ 56. Kg3 Qg1+ 57. Rg2 Qe1+ 58. Rff2 Qe5+
59. Kh4 Qe7+ 60. Kg3 Qe5+ 61. Kh4 Qe7+ 62. Kg3 Nxf2 63. Rxf2 d5 64. Rh2 Qe3+
65. Kh4 d4 66. Rg2 d3 67. g5 Qf4+ 68. Kh3 d2 69. Rxd2 Qxd2 70. Kg4 Qd4+ 71. Kf5
c5 72. h6 b5 73. g6 Qf2+ 74. Kg5 Qg3+ 75. Kf6 Qf4+ 76. Kg7 Qc7+ 77. Kh8 Qd8+
78. Kh7 Qd3 79. Kg7 Qd7+ 80. Kh8 Qe8+ 81. Kh7 c4 82. bxc4 bxc4 83. g7 Qf7 84.
Kh8 Qf6 85. Kh7 Qf7 86. Kh8 c3 87. g8=Q Qxg8+ 88. Kxg8 c2 89. h7 c1=Q 90. h8=Q
Qc8+ 1/2-1/2